000 00675nam a2200241Ia 4500
003 OSt
005 20220924132009.0
006 a|||||r|||| 00| 0
007 ta
008 220923b |||||||| |||| 00| 0 tel d
024 _a346176
037 _cTextual
040 _aARTS
_cARTS
_btel
041 _2tel
_atel
082 _aL:3, 35K5
100 _aRadhakrishnamurthy Guntupalli Au.
_9203498
245 0 _aArogyame Mahabhagyamu
260 _aVijaywada
_bAadarsha granthamandali India
_c1965
300 _a84p.
_ccm.
650 _aMEDICINE
_94387
942 _hL:3, 35K5
_cTEXL
_2CC
999 _c428944
_d428944